LEADER 01813nam0 22004091i 450 001 SUN0018234 005 20050405120000.0 010 $a88-339-5027-1 100 $a20040621d1985 |0itac50 ba 101 $aita 102 $aIT 105 $a|||| ||||| 200 1 $aReattivi psicodiagnostici$fDavid Rapaport, Merton M. Gill, Roy Schafer 205 $aEd. riv.$fa cura di Robert R. Holt 210 $aTorino$cBoringhieri$d1985 215 $a643 p.$d24 cm. 454 1$1001SUN0077964$12001 $aDiagnostic psychological testing$91400856 606 $aTest psicologici$2FI$3SUNC008082 606 $aPsicopatie$xDiagnosi$2FI$3SUNC009020 620 $dTorino$3SUNL000001 676 $a616.89075$v21 700 1$aRapaport$b, David$3SUNV014259$0161029 701 1$aGill$b, Merton M.$3SUNV014260$0161030 701 1$aSchafer$b, Roy$3SUNV014261$0161027 702 1$aHolt$b, Robert R.$3SUNV014262 712 $aBoringhieri$3SUNV001017$4650 790 1$aGill, Merton Max$zGill, Merton M.$3SUNV018916 790 1$aGill, M. M.$zGill, Merton M.$3SUNV060514 790 1$aHolt, R. R.$zHolt, Robert R.$3SUNV065918 801 $aIT$bSOL$c20181109$gRICA 912 $aSUN0018234 950 $aUFFICIO DI BIBLIOTECA DEL DIPARTIMENTO DI PSICOLOGIA$d16 CONS 2823 $e16 LET9517 950 $aUFFICIO DI BIBLIOTECA DEL DIPARTIMENTO DI PSICOLOGIA$d16 CONS 715 $e16 VS 2207 995 $aUFFICIO DI BIBLIOTECA DEL DIPARTIMENTO DI PSICOLOGIA$bIT-CE0119$gLET$h9517$kCONS 2823$oc$qa 995 $aUFFICIO DI BIBLIOTECA DEL DIPARTIMENTO DI PSICOLOGIA$bIT-CE0119$gVS$h2207$kCONS 715$oc$qa 996 $aDiagnostic psychological testing$91400856 997 $aUNICAMPANIA LEADER 02279nas 2200625- 450 001 996217534103316 005 20191107074242.5 035 $a(OCoLC)44699802 035 $a(CKB)960238861485 035 $a(CONSER)--2017247515 100 $a20000801b19842015 s-- - 101 0 $aeng 135 $aur||||||||||| 135 $aurbn||||||abp 135 $aurbn||||||ada 181 $ctxt$2rdacontent 182 $cc$2rdamedia 183 $acr$2rdacarrier 200 00$aJournal of third world studies 210 1$a[Americus, Ga.] :$cAssociation of Third World Studies,$d[1984]-©2016. 215 $a1 online resource 300 $aRefereed/Peer-reviewed 311 $a8755-3449 330 $aConsists of abstracts of selected papers from various conferences dealing with the third world and its problems. 517 1 $aJ. third world stud 517 1 $aJTWS 531 $aJ THIRD WORLD STUD 606 $aInternational relations$2fast$3(OCoLC)fst00977053 606 $aZeitschrift$2gnd 606 $aDeveloping Countries$vPeriodicals 606 $aDeveloping Countries$xRelations$zUnited States$vPeriodicals 606 $aDeveloping Countries$2ebps 607 $aDeveloping countries$vPeriodicals 607 $aUnited States$xRelations$zDeveloping countries$vPeriodicals 607 $aDeveloping countries$xRelations$zUnited States$vPeriodicals 607 $aPays en voie de développement$vPériodiques 607 $aÉtats-Unis$xRelations$zPays en voie de développement$vPériodiques 607 $aPays en voie de développement$xRelations$zÉtats-Unis$vPériodiques 607 $aPays en voie de développement$xConditions économiques$vPériodiques 607 $aDeveloping countries$2fast 607 $aUnited States$2fast 607 $aEntwicklungsla?nder$2gnd 608 $aElectronic journals. 608 $aPeriodicals.$2fast 615 7$aInternational relations. 615 7$aZeitschrift. 615 2$aDeveloping Countries 615 2$aDeveloping Countries$xRelations 615 7$aDeveloping Countries. 676 $a909 712 02$aAssociation of Third World Studies (U.S.) 906 $aJOURNAL 912 $a996217534103316 996 $aJournal of third world studies$91916147 997 $aUNISA